[Event "Sant Boi Chalmeta Memorial"]
[Site "Sant Boi de Llobregat"]
[Date "2015.06.12"]
[Round "8"]
[White "Alarcon Casellas, Rolando"]
[Black "Chalmeta Ugas, Ramon"]
[Result "1-0"]
[WhiteElo "2387"]
[BlackElo "2240"]
[PlyCount "137"]
[EventDate "2015.04.17"]
[EventType "tourn"]
[EventRounds "9"]
[EventCountry "ESP"]
[EventCategory "2"]
[SourceTitle "EXT 2016"]
[Source "ChessBase"]
[SourceDate "2015.10.08"]
[SourceVersion "1"]
[SourceVersionDate "2015.10.08"]
[SourceQuality "1"]

1. e4 c5 2. Nc3 e6 3. Nf3 a6 4. g3 Nc6 5. d4 cxd4 6. Nxd4 Qc7 7. Bg2 Nf6 8. 0-0 Be7 9. Re1 d6 10. Nxc6 bxc6 11. b3 e5 12. Na4 0-0 13. c4 Be6 14. Bb2 Nd7 15. Qd2 Rfd8 16. Bc3 a5 17. Qe3 Nc5 18. Nxc5 dxc5 19. a4 Rab8 20. Reb1 Rb7 21. Qe1 Ra8 22. Ra2 f6 23. Rab2 Bd8 24. Qe3 Qe7 25. f4 Bc7 26. f5 Bf7 27. Bf1 g5 28. Qe1 h5 29. Bd2 Rbb8 30. Be3 Rd8 31. Rf2 Qf8 32. Qc1 Bb6 33. Be2 Qg7 34. Qa3 Qf8 35. Kg2 Be8 36. h3 Ra7 37. Rb2 Rad7 38. Rc2 Bf7 39. Qc1 Qg7 40. Kh2 Be8 41. Qe1 Ra8 42. Bf1 Kh7 43. Rfd2 Raa7 44. Be2 Rxd2 45. Bxd2 Kg8 46. Bc3 Bc7 47. Qd1 Qf7 48. Rd2 Rb7 49. Bb2 Bb6 50. Ba3 Ra7 51. Rd3 Rb7 52. Kg2 Kg7 53. Qd2 Rd7 54. Rxd7 Qxd7 55. Qxd7+ Bxd7 56. Bxh5 Ba7 57. Kf3 Bb6 58. Kg4 Kh6 59. Bg6 Ba7 60. Bc1 Bb6 61. Be3 Kg7 62. h4 gxh4 63. Kxh4 Kf8 64. Kh5 Kg7 65. g4 Ba7 66. Bh6+ Kg8 67. g5 fxg5 68. Bxg5 Kf8 69. Bd8 1-0

[Event "Sant Boi Chalmeta Memorial"]
[Site "Sant Boi de Llobregat"]
[Date "2015.05.15"]
[Round "4"]
[White "Ryan, Joseph"]
[Black "Chalmeta Ugas, Ramon"]
[Result "0-1"]
[WhiteElo "2234"]
[BlackElo "2240"]
[PlyCount "94"]
[EventDate "2015.04.17"]
[EventType "tourn"]
[EventRounds "9"]
[EventCountry "ESP"]
[EventCategory "2"]
[SourceTitle "EXT 2016"]
[Source "ChessBase"]
[SourceDate "2015.10.08"]
[SourceVersion "1"]
[SourceVersionDate "2015.10.08"]
[SourceQuality "1"]

1. e4 c5 2. Nf3 e6 3. b3 b6 4. Bd3 Bb7 5. 0-0 Nc6 6. Re1 d6 7. c3 Nge7 8. Bf1 Ng6 9. d4 a6 10. d5 exd5 11. exd5+ Nce5 12. h4 h5 13. c4 Be7 14. Nxe5 dxe5 15. g3 Bc8 16. Nc3 f5 17. Bg2 Qd6 18. a4 Bd7 19. Ba3 Kf7 20. Qe2 Rab8 21. Rad1 Bf6 22. Qe3 Rbc8 23. Rb1 e4 24. Ne2 Ne5 25. Qf4 Qe7 26. Qd2 g5 27. d6 Qd8 28. hxg5 Bg7 29. Nf4 Bc6 30. Bb2 Qxg5 31. d7 Nxd7 32. Qd6 Rh6 33. Qd2 h4 34. Bxg7 Qxg7 35. Rbd1 Ne5 36. Nd5 hxg3 37. fxg3 Rch8 38. Qf4 Ke6 39. Ne3 Rh5 40. g4 fxg4 41. Bxe4 Bxe4 42. Qxe4 Rh1+ 43. Qxh1 Rxh1+ 44. Kxh1 Qh6+ 45. Kg2 Qh3+ 46. Kf2 g3+ 47. Ke2 Qh2+ 0-1

[Event "Sant Boi Chalmeta Memorial"]
[Site "Sant Boi de Llobregat"]
[Date "2015.04.17"]
[Round "1"]
[White "Chalmeta Ugas, Ramon"]
[Black "Cruz Estrada, Filemon"]
[Result "1/2-1/2"]
[WhiteElo "2240"]
[BlackElo "2387"]
[PlyCount "27"]
[EventDate "2015.04.17"]
[EventType "tourn"]
[EventRounds "9"]
[EventCountry "ESP"]
[EventCategory "2"]
[SourceTitle "EXT 2016"]
[Source "ChessBase"]
[SourceDate "2015.10.08"]
[SourceVersion "1"]
[SourceVersionDate "2015.10.08"]
[SourceQuality "1"]

1. e4 c5 2. Nf3 e6 3. d4 cxd4 4. Nxd4 Qb6 5. Nb3 Nc6 6. Be3 Qc7 7. Bd3 Nf6 8. f4 h5 9. Qf3 g5 10. fxg5 Ng4 11. Bf4 Nce5 12. Qf1 Bd6 13. g3 Ng6 14. Bxd6 1/2-1/2